CLAUDUS VIATOR : DOKONALOSTI

Bibliographic Details
Main Author: Viator, Claudus (Author)
Format: Article
Language:Slovak
Czech

MARC

LEADER 00000nab a2200000 a 4500
001 vtls010728389
003 SK-MaSNL
005 20260304191923.0
008 250709s1982 xo |||||||||||||||||slo|
035 |a (urnnbn)urn:nbn:sk:snk:ar-a051zy 
035 |a (uuid)cb8ed43b-49c3-4cd5-a301-4219a0455cc8 
035 |a urn:nbn:sk:snk-ab3rmu 
040 |a SNKBUCL  |b slo  |c SNKBUCL  |e AACR2 
041 0 |a cze 
044 |a xo  |c SK 
100 1 |a Viator, Claudus  |4 aut  |9 162051 
245 1 0 |a CLAUDUS VIATOR :  |b DOKONALOSTI  |c Claudus Viator 
773 0 |t My MD : bulletin kolektívu muskulárnych dystrofikov  |g Roč. 16, č. 2 (1982), s. 15-16 
850 |a Slovenská národná knižnica 
852 |a Slovenská národná knižnica 
958 |a article1 
958 |a OND 
958 |a EUIPO 
999 |c 3057374  |d 3059304